000 00794nam a22002177a 4500
005 20240530110622.0
008 161226s2015 ua afk f 000 0 ara d
017 _a2015/2838
_bمصر. دار الكتب
020 _a9789774115626
040 _aEG-CaGPL
_cEG-CaGPL
082 0 4 _221
_a791.38\
_bم ف
100 0 _aمختار سالم
245 1 2 _aالفنون الاستعراضية :
_bتصميم و اخراج /
_cمختار سالم
250 _aط. 1
260 _aالقاهرة :
_bالمكتبة المصرية للنشر و التوزيع ،
_c2015.
300 _a458 ص. :
_bايض ؛
_c24 سم.
650 0 7 _2qrmak
_aالفنون الاستعراضية
650 0 7 _2qrmak
_aالفنون الترفيهية
942 _2ddc
_cBK
999 _c63078
_d63078